1723 1557 1419 1857 1947 1693 1027 1270 1991 1930 1563 1359 1853 1482 1771 1567 1911 1212 1674 1227 1644 1884 1011 1467 1961 1759 1558 1187 1920 1405 1346 1183 1096 1585 1463 1391 1732 1779 1428 1745 1641 1912 1622 1610 1769 1231 1989 1371 1809 1855 1768 1379 1521 1243 1402 1338 1492 1243 1350 1656 1869 1233 1300 1942 1561 1382 1042 1829 1919 1512 1059 1365 1101 1666 1461 1570 1208 1185 1408 1619 1924 1297 1761 1529 1197 1000 1892 1809 1973 1444 1797 1763 1817 1514 1075 1193 1133 1965 1617 BCNSPRNW ULIB Ver.6.0+V

เปลี่ยนเป็นภาษาไทย

Change to English
 แสดงรายละเอียดบรรณานุกรม
  กลับหน้าหลัก

Brief Record : Get Marc (ISO 2709) : E-mail record : QR code < ปิดหน้าต่าง
LEADER : 00000nam 2200000uu 4500
001    13399128590
003     ULIB
008    230912s2565||||th 000 0 tha d
020    ^a9786164262751
060    ^aWS200^bว242ก
100    ^aวรวรรณ จิตต์ธรรม,บรรณาธิการ และคณะ
245    ^aกุมารเวชศาสตร์ในเวชปฏิบัติ (PEDIATRICS IN PRACTICE)
250    ^aพิมพ์ครั้งที่ 1
260    ^aพิษณุโลก :^bสำนักพิมพ์มหาวิทยาลัยนเรศวร,^c2565
300    ^a438 หน้า;^b26 ซม.
650    ^aกุมารเวชศาสตร์
945    ^p890^l0^i29799
945    ^p890^l0^i29800
945    ^p890^l0^i29801
945    ^p890^l0^i30247
945    ^p890^l0^i30248
999    ^aกัณชพร จุลอักษร
รายการนี้ยังไม่มีแท็ก
คุณยังไม่ได้ล็อกอิน คุณสามารถมีกิจกรรมร่วมกับเว็บไซต์ได้ แต่ต้องล็อกอินก่อน ::
  ล็อกอิน

รายการสื่อสารสนเทศ

ลำดับที่ ประเภท เลขเรียก/บาร์โค้ด สถานที่ สถานะ
1. หนังสือสำรอง
หนังสือสำรอง
WS200 ว242ก ฉ.1 
  Barcode: 29799
ห้องสมุดวิทยาเขตนครสวรรค์
►หนังสือทั่วไป:l:General Books
บนชั้น
2. วิทยาศาสตร์การแพทย์ และสุขภาพ
วิทยาศาสตร์การแพทย์ และสุขภาพ
WS200 ว242ก ฉ.2 
  Barcode: 29800
ห้องสมุดวิทยาเขตนครสวรรค์
►หนังสือทั่วไป:l:General Books
บนชั้น
3. วิทยาศาสตร์การแพทย์ และสุขภาพ
วิทยาศาสตร์การแพทย์ และสุขภาพ
WS200 ว242ก ฉ.3 
  Barcode: 29801
ห้องสมุดวิทยาเขตนครสวรรค์
►หนังสือทั่วไป:l:General Books
บนชั้น
4. วิทยาศาสตร์การแพทย์ และสุขภาพ
วิทยาศาสตร์การแพทย์ และสุขภาพ
WS200 ว242ก ฉ.4 
  Barcode: 30247
ห้องสมุดวิทยาเขตนครสวรรค์
►หนังสือทั่วไป:l:General Books
ถูกยืม กำหนดส่งวันที่ 11 พฤษภาคม 2569
  จอง
5. วิทยาศาสตร์การแพทย์ และสุขภาพ
วิทยาศาสตร์การแพทย์ และสุขภาพ
WS200 ว242ก ฉ.5 
  Barcode: 30248
ห้องสมุดวิทยาเขตนครสวรรค์
►หนังสือทั่วไป:l:General Books
บนชั้น

รายการใกล้เคียง
    ชื่อเรื่อง [กุมารเวชศาสตร์ในเวชปฏิบัติ (PEDIATRICS IN PRACTICE)]

    ผู้แต่ง [วรวรรณ จิตต์ธรรม,บรรณาธิการ และคณะ]

    หัวเรื่อง [กุมารเวชศาสตร์]

BibComment


ยังไม่เคยถูกคอมเมนท์

คอมเมนท์ทรัพยากรรายการนี้
  คอมเมนท์: กุมารเวชศาสตร์ใน..


 Copyright 2026. Bcnsprnw @Library